|
|
|
|
| LEADER |
00000nab a2200000 a 4500 |
| 001 |
vtls000781881 |
| 003 |
SK-MaSNL |
| 005 |
20260304110241.0 |
| 008 |
250429c2001 xo 0 slo |
| 015 |
|
|
|a SNBRB2002/02-03454
|
| 035 |
|
|
|a CLN000133607
|
| 035 |
|
|
|a urn:nbn:sk:snk-abd442
|
| 035 |
|
|
|a (urnnbn)urn:nbn:sk:snk:ar-00569l
|
| 035 |
|
|
|a (uuid)42566b56-0ee5-4490-8fca-2f1baea510ab
|
| 040 |
|
|
|a SNKBUCL
|b slo
|c SNKBUCL
|e AACR2
|
| 041 |
0 |
|
|a eng
|
| 044 |
|
|
|a xo
|c SK
|
| 080 |
|
|
|a 669.35:620.18
|2 1997
|
| 080 |
|
|
|a 620.18
|2 1997
|
| 100 |
1 |
|
|a Bydałek A. W.
|4 aut
|9 830386
|
| 245 |
1 |
4 |
|a The microanalysis of the brass after gas-slag refining
|c A.W. Bydałek, M. Faryna, M. Czyż
|
| 300 |
|
|
|b Obr., sch., tab.
|
| 504 |
|
|
|a Res. angl.
|
| 504 |
|
|
|a Bibliogr. odkazy
|
| 650 |
0 |
7 |
|a zliatiny Cu
|2 snkbucl
|9 832659
|
| 650 |
0 |
7 |
|a mosadz
|2 snkbucl
|9 84289
|
| 650 |
0 |
7 |
|a mikroanalýza
|2 snkbucl
|9 1408510
|
| 655 |
|
7 |
|a články z novín a časopisov
|2 snkbucl
|9 267496
|
| 700 |
1 |
|
|a Faryna, M.
|4 aut
|9 1180114
|
| 700 |
1 |
|
|a Czyż, M.
|4 aut
|9 1408511
|
| 773 |
0 |
|
|t Acta metallurgica slovaca
|g Roč. 7, mimoriadne č. 1 (2001), s. 461-464
|x 1335-1532
|
| 850 |
|
|
|a Slovenská národná knižnica
|
| 852 |
|
|
|a Slovenská národná knižnica
|
| 958 |
|
|
|a article17
|
| 958 |
|
|
|a OND
|
| 958 |
|
|
|a NB
|
| 958 |
|
|
|a EUIPO
|
| 992 |
|
|
|a RBX
|
| 999 |
|
|
|c 2859128
|d 2861058
|